• 首页
  • 本馆介绍
  • 公告通知
  • 最新文献
  • 馆藏检索
  • 电子资源
  • 读者导购
  • 参考咨询
  • 我的图书馆
  • 登录
  • 详细信息显示
  • 放入我的书架
  • 预约/预借图书
  • 作者相关作品
  • 分类相关作品
  • 丛书相关作品
  • 出版社相关作品

书目信息

  • 表格格式
  • 工作单格式
  • 卡片格式
题名:
《周易》经传梳理与郭店楚简思想新释
    
 
作者: 金春峰 著
分册:  
出版信息: 北京   中国言实出版社  2004
页数: 192页
开本: 23cm
丛书名:
单 册:
中图分类: B221.5 , K877.54 , B221
科图分类:
主题词: 周易--研究 , 竹简文--研究--中国--楚国(?~前223) , 竹简文 , 周易 , 先秦哲学
电子资源:
ISBN: 7-80128-606-5
000 00978nam0 2200301 450
001 1161514625
005 20110928170749.12
010    @a7-80128-606-5@dCNY20.00
100    @a20050110d2004 em y0chiy50 ea
101 0  @achi
102    @aCN@b110000
105    @ay z 000yy
106    @ar
200 1  @a《周易》经传梳理与郭店楚简思想新释@f金春峰著@A《 zhou yi 》 jing zhuan shu li yu guo dian chu jian si xiang xin shi
210    @a北京@c中国言实出版社@d2004
215    @a192页@d23cm
330    @a本书包括:《周易》之编纂成书及其思想哲学意义;通行本《系辞》之成书;郭店楚简《老子》的文史哲意义等内容。
606 0  @a周易@x研究
606 0  @a竹简文@x研究@y中国@z楚国(?~前223)
606 0  @a竹简文
606 0  @a周易
606 0  @a先秦哲学
690    @aB221.5@v4
690    @aK877.54@v4
690    @aB221@v4
701  0 @a金春峰@f(1935~)@4著@Ajin chun feng
801  0 @aCN@b大连网信软件有限公司图书馆·11@c20110928
905    @a10447@dB221@eJY81
    
    《周易》经传梳理与郭店楚简思想新释/金春峰著.-北京:中国言实出版社,2004
    192页;23cm
    
    
    ISBN 7-80128-606-5:CNY20.00
    本书包括:《周易》之编纂成书及其思想哲学意义;通行本《系辞》之成书;郭店楚简《老子》的文史哲意义等内容。
●
相关链接 在E读中查询图书 在五车中查询图书 在当当中查询图书 在豆瓣中查询图书


正题名:《周易》经传梳理与郭店楚简思想新释     索取号:B221/JY81         预约/预借

序号 登录号 条形码 馆藏地/架位号 状态 备注
1 7824545   278245454   学院路分馆/ [索取号:B221/JY81] 在馆    
2 7824546   278245463   学院路分馆/ [索取号:B221/JY81] 在馆    
3 7824547   278245472   学院路分馆/ [索取号:B221/JY81] 在馆    
4 7824548   278245481   学院路分馆/ [索取号:B221/JY81] 在馆    
唐山师范学院图书馆 欢迎您!
大连网信软件有限公司© 版权所有